ADCULT USA THE TRIUMPH OF ADVERTISING IN (Record no. 22726)

MARC details
000 -LEADER
fixed length control field 00360nam a2200133Ia 4500
008 - FIXED-LENGTH DATA ELEMENTS--GENERAL INFORMATION
fixed length control field 240624s9999 xx 000 0 und d
041 ## - LANGUAGE CODE
Language code of text/sound track or separate title eng
082 ## - DEWEY DECIMAL CLASSIFICATION NUMBER
Classification number 659.1 TWI
100 ## - MAIN ENTRY--PERSONAL NAME
Personal name TWITCHELL JAMES B
245 ## - TITLE STATEMENT
Title ADCULT USA THE TRIUMPH OF ADVERTISING IN
260 ## - PUBLICATION, DISTRIBUTION, ETC.
Date of publication, distribution, etc. 1996
Place of publication, distribution, etc. New York
Name of publisher, distributor, etc. Columbia University Press
300 ## - PHYSICAL DESCRIPTION
Extent 279 : p. : cm. ; 22
365 ## - TRADE PRICE
Currency code
Price amount 26
Holdings
Withdrawn status Lost status Damaged status Not for loan Home library Current library Shelving location Date acquired Source of acquisition Cost, normal purchase price Total Checkouts Full call number Barcode Date last seen Date last checked out Copy number Price effective from Koha item type
        IMTN IMTN Rack 35-B 05/14/2014 AP 29.00 1 659.1 TWI 22726 07/22/2025 07/12/2025 64.3 06/24/2024 Books
Designed & Maintained by: LRC IMT Nagpur Contact: lrc@imtnag.ac.in© 2024. All Rights Reserved.